:الاسلام في الأسر (Record no. 5629)
[ view plain ]
| 000 -الفاتح | |
|---|---|
| حقل البيانات ثابتة الطول | 01004nac a22002891u 4500 |
| 003 - محدد رقم الضبط | |
| رقم الضبط | OSt |
| 005 - وقت وتاريخ اخر تعامل مع التسجيلة | |
| رقم الضبط | 20160921130254.0 |
| 008 - عناصر البيانات ثابتة الطول - معلومات عامة | |
| حقل البيانات ثابتة الطول | 100725s sy|||||r|||| 001 0 ara d |
| 020 ## - الرقم الدولى المعيارى للكتب | |
| الرقم الدولى المعيارى للكتاب | 1855131250 |
| 040 ## - مصدر الفهرسة | |
| وكالة الفهرسة الأصلية | EG-ScBUE |
| لغة الفهرسة | ara |
| وكالة النسخ | EG-ScBUE |
| 082 ## - رقم تصنيف ديوى العشرى | |
| رقم التصنيف | 210 |
| رقم المادة | ن ي ه |
| رقم الطبعة | 22 |
| 100 ## - المدخل الرئيسى - إسم شخصى | |
| الإسم الشخصى | النيهوم، الصادق |
| 9 (RLIN) | 16686 |
| التواريخ المصاحبة للاسم | ١٩٣٧-١٩٩٤م |
| 245 ## - بيان العنوان | |
| العنوان | :الاسلام في الأسر |
| بقية العنوان | من سرق الجامع وأين ذهب يوم الجمعة / |
| بيان المسئوليه,etc | الصادق النيهوم |
| 246 ## - العنوان الموازى | |
| عنوان صحيح/عنوان مختصر | Thoughts on Islam |
| 250 ## - بيان الطبعة | |
| بيان الطبعة | ط3 |
| 260 ## - PUBLICATION, DISTRIBUTION, ETC. (IMPRINT) | |
| مكان الناشر او الموزع | دمشق: |
| اسم الناشر او الموزع | رياض الريس للكتب والنشر ، 1995 |
| تاريخ النشر أو التوزيع | 1995 |
| 300 ## - الوصف المادى | |
| التعداد | 369 ص؛ |
| أبعاد الوعاء | 22 سم |
| 490 ## - بيان السلسلة | |
| عنوان السلسلة | كتاب الناقد |
| 500 ## - تبصرة عامة | |
| تبصرة عامة | يحتوي على كشاف |
| 511 ## - | |
| -- | Catalogued by: Sara |
| 541 ## - تبصرة المصدر المباشر للتزويد | |
| مصدر التزويد | ألف باء ؛ |
| طريقة التزويد | شراء ؛ |
| 650 #0 - المدخل الاضافى بالموضوع-مصطلح موضوعى | |
| مصطلح موضوعي أو اسم جغرافي كعنصر مدخل | الإسلام. |
| مصدر الرأس أو المصطلح | BUEsh |
| 9 (RLIN) | 13667 |
| 650 #0 - المدخل الاضافى بالموضوع-مصطلح موضوعى | |
| مصطلح موضوعي أو اسم جغرافي كعنصر مدخل | الإسلام والسياسة |
| 9 (RLIN) | 13370 |
| 651 ## - المدخل الاضافى بالموضوع - اسم جغرافى | |
| مصدر الرأس أو المصطلح | BUEsh |
| 740 ## - المدخل الاضافى - عنوان مرتبط/تحليلى غير مقيد | |
| العنوان التحليلي/ الرابط غير مقيد | Thoughts on Islam |
| 942 ## - عناصر المدخل الإضافي( كوها) | |
| Koha [default] item type | Book - Borrowing |
| سابقة رقم الطلب | 210 ن ي ه |
| مصدر التصنيف او مخطط الترفيف | Dewey Decimal Classification |
| حالة التراجع | حالة الفقد | مصدر التصنيف او خطة الترفيف | حالة تلف | ليس للاعارة | مجموعات كوها | المكان الدائم | المكان الحالي | موقع الترفيف | تاريخ الاكتساب | Source of acquisition | رقم الاستدعاء | الباركود | Date last seen | نوع الوعاء |
|---|---|---|---|---|---|---|---|---|---|---|---|---|---|---|
| Dewey Decimal Classification | Alef-Baa | Central Library | Central Library | Lower Floor | 25/07/2010 | 210 ن ي ه | 000007100 | 15/07/2025 | Book - Borrowing |